000
00251nam a22001097a 4500
999
_c
65391
_d
65388
082
_a
333.91
100
_a
ناصر آئ فاروقی
245
_a
اسلام میں پانی کا انتظام
260
_a
کراچی
300
_a
۱۷۴
942
_c
BK